NTA -UGC English Paper 11 NET/SET/JRF 2023 (Record no. 228293)

MARC details
000 -LEADER
fixed length control field 01451nam a22002177a 4500
005 - DATE AND TIME OF LATEST TRANSACTION
control field 20251213154320.0
008 - FIXED-LENGTH DATA ELEMENTS--GENERAL INFORMATION
fixed length control field 230811b ||||| |||| 00| 0 eng d
020 ## - INTERNATIONAL STANDARD BOOK NUMBER
International Standard Book Number 9789356065819
040 ## - CATALOGING SOURCE
Transcribing agency AL
041 ## - LANGUAGE CODE
Language code of text/sound track or separate title English
082 ## - DEWEY DECIMAL CLASSIFICATION NUMBER
Classification number 420.02
Item number PANN
100 ## - MAIN ENTRY--PERSONAL NAME
Personal name Vineet Pandey
9 (RLIN) 129879
245 ## - TITLE STATEMENT
Title NTA -UGC English Paper 11 NET/SET/JRF 2023
250 ## - EDITION STATEMENT
Edition statement 3th ed.
260 ## - PUBLICATION, DISTRIBUTION, ETC.
Place of publication, distribution, etc. Noida
Name of publisher, distributor, etc. Pearson
Date of publication, distribution, etc. 2023
300 ## - PHYSICAL DESCRIPTION
Extent xxxviii,412p.
Other physical details PB
Dimensions 26x19cm.
365 ## - TRADE PRICE
Source of price type code General
Price type code 3819
Price amount ₹420.00
Currency code
Unit of pricing ₹525.00
Price note 20%
Price effective from 10/08/2023
520 ## - SUMMARY, ETC.
Summary, etc. UGC NET English Paper 2 is a ready reckoner for the aspiring English language teachers. Now in its third edition, the book provides thorough and updated topics of English language as per the recently updated UGC NET Curriculum.This edition also comes along with topics like Poetry Schools, summary of some very important non-fiction books (Behind The Beautiful Forever’s: Life, Death and Hope, The Reluctant Fundamentalist, The Rise and Realms of Mammals, The Book of Minds, The Colour of Madness and so on). It also comes along with summary of 25 short storieswhich are all important and significant from examination point of view.Features –<br/>2022 paper fully solved.Important literary terms and acronyms enlisted.Did You know, and Key Point boxes include.Mock Tests to judge students’ knowledge Adequate Practice questions -wise for practice.
650 ## - SUBJECT ADDED ENTRY--TOPICAL TERM
Source of heading or term Language
Topical term or geographic name entry element English
9 (RLIN) 129880
942 ## - ADDED ENTRY ELEMENTS (KOHA)
Source of classification or shelving scheme Dewey Decimal Classification
Koha item type Book
Holdings
Withdrawn status Lost status Source of classification or shelving scheme Damaged status Not for loan Collection code Home library Current library Date acquired Source of acquisition Cost, normal purchase price Total Checkouts Total Renewals Full call number Barcode Date last seen Date last checked out Cost, replacement price Price effective from Koha item type
    Dewey Decimal Classification     General St Aloysius PG Library St Aloysius PG Library 08/11/2023 Biblios Book Point 420.00 8 3 420.02 PANN PG024369 01/07/2026 12/15/2025 525.00 10/08/2023 Book